Os Bettencourt da Ilha da Madeira ao Planalto da Huíla (Registo nº 621)
[ vista simples ]
| 000 -Etiqueta do registo | |
|---|---|
| Cabeçalho | 00942cam a2200301 4500 |
| 005 - Identificador da versão | |
| Campo de controlo | 20240813121808.0 |
| 010 ## - Número internacional normalizado dos livros (ISBN) | |
| Número (ISBN) | 9729584036 |
| 035 ## - Other System Control Numbers | |
| System Control Number | 0000649 |
| System Control Number | 0000645 |
| System Control Number | 0000645 |
| System Control Number | 0000633 |
| 100 ## - Dados gerais de processamento | |
| Dados gerais de processamento | 20000124d1997 m y0pory5003 ba |
| 102 ## - Pais de publicação ou produção | |
| País de publicação | Macau |
| 101 0# - Língua de publicação | |
| Língua do texto, banda sonora, etc. | Português |
| 106 ## - Campo de dados codificados: material textual | |
| Dados codificados do material textual | r |
| 105 ## - Campo de dados codificados: livros | |
| Dados codificados dos livros | a z 001yy |
| 215 ## - Descrição física | |
| Indicação específica da natureza do documento e extensão da espécie | 338, [38] p. |
| Outras indicações físicas | il. |
| Dimensões | 26 cm |
| 200 1# - Titulo e menção de responsabilidade | |
| Título próprio | Os Bettencourt da Ilha da Madeira ao Planalto da Huíla |
| Primeira menção de responsabilidade | Jorge de Abreu Arrimar |
| Outras menções de responsabilidade | rev. Graça Arrimar, Iva Flores |
| 210 ## - Publicação, Distribuição, etc. | |
| Lugar da edição, distribuição, etc. | Macau |
| Nome do editor, distribuidor, etc. | J. M. de Abreu Arrimar |
| Data da publicação, distribuição, etc. | 1997 |
| Lugar da impressão | Macau |
| 320 ## - Nota relativa a bibliografia e índices internos | |
| Texto da nota | Bibliografia, p. 335-338 |
| 602 ## - Nome de família usado como assunto | |
| Número de registo de entrada de autoridade | 0000753 |
| Palavra de ordem | Bettencourt, Família, séc.,19 |
| Subdivisão de assunto | [Genealogias] |
| 675 ## - Classificação Decimal Universal (CDU) | |
| Notação | 929.52"18" Bettencourt, Família |
| Edição | BN |
| Língua da edição | por |
| 702 #1 - Nome de autor-pessoa física (responsabilidade secundária) | |
| Número de registo de entrada de autoridade | 0000756 |
| Palavra de ordem | Arrimar |
| Outra parte do nome não tomada para palavra de ordem | Graça |
| Código de função | Autor de recensão / Crítico |
| Número de registo de entrada de autoridade | 0000757 |
| Palavra de ordem | Flores |
| Outra parte do nome não tomada para palavra de ordem | Iva Vicente |
| Código de função | Autor de recensão / Crítico |
| 700 #1 - Nome de autor-pessoa física (responsabilidade principal) | |
| Número de registo de entrada de autoridade | 0000755 |
| Palavra de ordem | Arrimar |
| Outra parte do nome não tomada para palavra de ordem | Jorge |
| Datas | 1953- |
| 942 ## - Elementos de entrada adicionados (Koha) | |
| Tipo de item no Koha | Livro |
| Situação do levantamento | Origin of item (home branch) (coded) | Biblioteca de empréstimo | Código de barras | Circulation type (not for loan) | Tipo de documento | Nota do exemplar | Damaged status |
|---|---|---|---|---|---|---|---|
| Biblioteca Escolar Eng. Nuno Mergulhão | Biblioteca Escolar Eng. Nuno Mergulhão | BENM381 | Livro | Sem mensagem |
